000
00265nam a22001217a 4500
008
181221b xxu||||| |||| 00| 0 eng d
041
_a
eng
080
_a
572
100
_a
24
101
_a
ANT
245
_a
Symbols Public and Private
_c
Turner,V
942
_2
udc
_c
BK
999
_c
53650
_d
53650